|
|
|
|
| LEADER |
00000nam0a2200000 4500 |
| 001 |
266836 |
| 005 |
20231101234033.0 |
| 035 |
|
|
|a (RuTPU)RU\TPU\book\289856
|
| 090 |
|
|
|a 266836
|
| 100 |
|
|
|a 20140716d1986 km y0rusy50 ca
|
| 101 |
0 |
|
|a rus
|
| 102 |
|
|
|a RU
|
| 105 |
|
|
|a a z 001zy
|
| 200 |
1 |
|
|a Проблемы кристаллохимии. 1986
|f Академия наук СССР (АН СССР), Институт общей и неорганической химии им. Н. С. Курнакова (ИОНХ) ; под ред. М. А. Порай-Кошица
|
| 210 |
|
|
|a Москва
|c Наука
|d 1986
|
| 215 |
|
|
|a 181 с.
|c ил.
|
| 320 |
|
|
|a Библиогр.: с. 175-179
|
| 606 |
1 |
|
|a Кристаллохимия
|2 stltpush
|3 (RuTPU)RU\TPU\subj\16345
|9 42439
|
| 610 |
1 |
|
|a водородные связи
|
| 610 |
1 |
|
|a производные
|
| 610 |
1 |
|
|a фенолы
|
| 610 |
1 |
|
|a строение
|
| 610 |
1 |
|
|a слоистые силикаты
|
| 610 |
1 |
|
|a кристаллохимический анализ
|
| 610 |
1 |
|
|a координационные соединения
|
| 675 |
|
|
|a 548.3
|v 4
|
| 702 |
|
1 |
|a Порай-Кошиц
|b М. А.
|4 340
|
| 712 |
0 |
2 |
|a Академия наук СССР (АН СССР)
|b Институт общей и неорганической химии им. Н. С. Курнакова (ИОНХ)
|c (Москва)
|2 stltpush
|3 (RuTPU)RU\TPU\col\11794
|
| 801 |
|
1 |
|a RU
|b 63413507
|c 20140716
|
| 801 |
|
2 |
|a RU
|b 63413507
|c 20170217
|g RCR
|
| 942 |
|
|
|c BK
|